Welcome to the Holygrace Academy Library

Please use search bar below to get started

ULTIMATE REFERENCE PACK- UNIVERSE (Record no. 7843)

MARC details
000 -LEADER
fixed length control field 00372nam a22001457a 4500
082 ## - DEWEY DECIMAL CLASSIFICATION NUMBER
Classification number 001
Item number BRI/U
100 ## - MAIN ENTRY--AUTHOR NAME
Personal name ENCYCLOPEDIA BRITANICA
245 ## - TITLE STATEMENT
Title ULTIMATE REFERENCE PACK- UNIVERSE
Remainder of title UNIVERSE
246 ## - VARYING FORM OF TITLE
Title proper/short title UNIVERSE
Remainder of title UNIVERSE
260 ## - PUBLICATION, DISTRIBUTION, ETC. (IMPRINT)
Place of publication USA
Name of publisher ENCYCLOPEDIA BRITANICA
Year of publication 2022
520 ## - SUMMARY, ETC.
Summary, etc UNIVERSE
650 ## - SUBJECT ADDED ENTRY--TOPICAL TERM
Topical Term UNIVERSE
700 ## - ADDED ENTRY--PERSONAL NAME
Personal name ENCYCLOPEDIA BRITANICA
942 ## - ADDED ENTRY ELEMENTS (KOHA)
Koha item type Visual Materials
Holdings
Withdrawn status Lost status Home library Current library Shelving location Date acquired Source of acquisition Cost, normal purchase price Full call number Accession Number Koha item type Collection code
    Main Library Main Library Audio Visual 17/06/2017 PURCHASED 580.00 001 BRI/U 11200 Visual Materials  
    Main Library Main Library Audio Visual 17/06/2017 PURCHASED 580.00 001 BRI/U 11192 Visual Materials Reference
    Main Library Main Library Audio Visual 17/06/2019 PURCHASED 580.00 001 BRI/U 11208 Visual Materials Reference